Principios de economía política / (Registro nro. 3948)
[ vista simple ]
| 000 -LEADER | |
|---|---|
| fixed length control field | 02115nam a2200277Ia 4500 |
| 003 - CONTROL NUMBER IDENTIFIER | |
| control field | OSt |
| 005 - DATE AND TIME OF LATEST TRANSACTION | |
| control field | 20210128163538.0 |
| 008 - FIXED-LENGTH DATA ELEMENTS--GENERAL INFORMATION | |
| fixed length control field | 191128s1946 mx fr 001 0 spa d |
| 040 ## - CATALOGING SOURCE | |
| Original cataloging agency | CO-JMCR |
| Transcribing agency | CO-JMCR |
| 041 1# - LANGUAGE CODE | |
| Language code of text/sound track or separate title | spa |
| Language code of original | eng |
| 082 04 - DEWEY DECIMAL CLASSIFICATION NUMBER | |
| Classification number | 330 / |
| Item number | M261p |
| Edition number | 23 |
| 100 1# - MAIN ENTRY--PERSONAL NAME | |
| Personal name | Malthus, Thomas Robert, |
| Relator term | autor |
| 9 (RLIN) | 4626 |
| 245 10 - TITLE STATEMENT | |
| Title | Principios de economía política / |
| Remainder of title | Thomas Robert Malthus ; introducción J.M. Keynes ; traducción Javier Márquez |
| 250 ## - EDITION STATEMENT | |
| Edition statement | Primera edición |
| 260 ## - PUBLICATION, DISTRIBUTION, ETC. | |
| Place of publication, distribution, etc. | México : |
| Name of publisher, distributor, etc. | Fondo de Cultura Económica, |
| Date of publication, distribution, etc. | 1946 |
| 300 ## - PHYSICAL DESCRIPTION | |
| Extent | xl, 385 páginas ; |
| Dimensions | 20 cm. |
| 490 0# - SERIES STATEMENT | |
| Series statement | Las obras maestras de la economía |
| 500 ## - GENERAL NOTE | |
| General note | Incluye índice analítico y notas a pie de página. |
| 505 0# - FORMATTED CONTENTS NOTE | |
| Formatted contents note | De las definiciones de riqueza y trabajo productivo -- De la naturaleza, causas y medidas del valor -- De la renta de la tierra -- De los salarios del trabajo -- De las utilidades del capital -- Del progreso de la riqueza |
| 520 3# - SUMMARY, ETC. | |
| Summary, etc. | Malthus no es sólo el ensayo sobre la población, aunque la posteridad "vulgarizadora en el tiempo" insista en ello. De algún modo así ocurre con casi todos los pensamientos renovadores: se fijan para la mentalidad más general (y la de no pocos especialistas)como una sola imagen, rígida e inconmovible. Tal ha sucedido con Malthus. Estos principios de economía política refutan aquella imagen parcial. Pues Malthus es uno de los fundadores de la ciencia económica, tal y como la conocemos en nuestros días: así lo afirma John Maynard Keynes en la introducción de esta obra. De Malthus y Keynes la ciencia de la economía traza su derrotero fundamental precisamente antes que nuestra modernidad irrumpa en la historia con toda su bullente complejidad tecnológica y su abstruso sistema de relaciones internacionales. Malthus y Keynes, cuyos perfiles intelectuales se juntan aquí, en esta obra clásica resumen la economía liberal y sus postulados. |
| 546 ## - LANGUAGE NOTE | |
| Language note | Traducido del inglés |
| 650 14 - SUBJECT ADDED ENTRY--TOPICAL TERM | |
| Topical term or geographic name entry element | Economía política |
| 9 (RLIN) | 1838 |
| 700 1# - ADDED ENTRY--PERSONAL NAME | |
| Personal name | Keynes, J. M., |
| Relator term | introducción |
| 9 (RLIN) | 4627 |
| 700 1# - ADDED ENTRY--PERSONAL NAME | |
| Personal name | Márquez, Javier, |
| Relator term | traductor |
| 9 (RLIN) | 4628 |
| 942 ## - ADDED ENTRY ELEMENTS (KOHA) | |
| Source of classification or shelving scheme | Dewey Decimal Classification |
| Koha item type | Books |
| Withdrawn status | Lost status | Source of classification or shelving scheme | Damaged status | Not for loan | Collection code | Home library | Current library | Date acquired | Source of acquisition | Cost, normal purchase price | Total Checkouts | Full call number | Barcode | Date last seen | Copy number | Koha item type |
|---|---|---|---|---|---|---|---|---|---|---|---|---|---|---|---|---|
| Dewey Decimal Classification | Non-fiction | Biblioteca Pública José María del Castillo y Rada | Biblioteca Pública José María del Castillo y Rada | 04/15/2018 | Donación | 0.00 | 330 / M261p | 201808748 | 05/16/2024 | Ej.1 | Books |